000 00383nam a2200145 a 4500
005 20140412111424.0
008 080201s19uu xx 00 eng d
020 _a0-307-11942-4
050 _aER
_bNe42 1983
100 _aMayer, Mercer
245 _aThe New Baby /
_cMercer Mayer.
260 _aU.S.A :
_bRandom House,
_c1983.
650 _aAddition to the family
999 _c106176
_d106176